| 000 | 00604nam a2200133Ia 4500 | ||
|---|---|---|---|
| 008 | 171212s9999 xx 000 0 und d | ||
| 020 | _a9780874215892 | ||
| 100 | _aTaniguchi, Nancy | ||
| 245 |
_cTaniguchi, Nancy _aCastle Valley America _bHard Land, Hard-won Home |
||
| 260 |
_bUniversity Press of Colorado _c2004 |
||
| 650 | _aCastle Valley (Utah) -- History; Castle Valley (Utah) -- Biography; Carbon County (Utah) -- History; Carbon County (Utah) -- Biography; Emery County (Utah) -- History; Emery County (Utah) -- Biography | ||
| 650 | _aHistory | ||
| 856 | _uwww.jstor.org/stable/10.2307/j.ctt4cgp5n | ||
| 999 |
_c353041 _d353041 |
||